| 000 | 00800cam a2200277 4500500 | ||
|---|---|---|---|
| 005 | 20260405003217.0 | ||
| 041 | _afre | ||
| 042 | _adc | ||
| 100 | 1 | 0 |
_aLacroix, Alexandre _eauthor |
| 245 | 0 | 0 | _aPascal Bruckner : “Avec le vaccin, je rêve du miracle de la normalité retrouvée” |
| 260 | _c2021. | ||
| 500 | _a7 | ||
| 690 | _aÂge | ||
| 690 | _aCovid-19 | ||
| 690 | _aGénérations | ||
| 690 | _aJeunesse | ||
| 690 | _aLiberté | ||
| 690 | _aMaladie | ||
| 690 | _aPandémie | ||
| 690 | _aPascal Bruckner | ||
| 690 | _aSanté | ||
| 690 | _avaccin | ||
| 690 | _aVieillesse | ||
| 786 | 0 | _nPhilosophie magazine | 146 | 2 | 2021-02-01 | p. 28-28 | 1951-1787 | |
| 856 | 4 | 1 | _uhttps://shs.cairn.info/magazine-philosophie-magazine-2021-2-page-28?lang=fr&redirect-ssocas=7080 |
| 999 |
_c2065402 _d2065402 |
||